000 00582nam a2200229Ia 4500
003 OSt
005 20220928112709.0
006 a|||||r|||| 00| 0
007 ta
008 220927b |||||||| |||| 00| 0 eng d
024 _a42399
037 _cTextual
040 _aSDCL
_cSDCL
_beng
041 _2eng
_aeng
082 _aV2,8y7N, L4
100 _aLahiri B N
_9429319
245 0 _aBefore and after
260 _aAllahabad
_bChugh Publications
_c1974
300 _av,248p
_ccm.
942 _hV2,8y7N, L4
_cTEXL
_2CC
999 _c745835
_d745835